000
00216 a2200097 4500
001
14602
100
_a
Mir Valiuddin
245
_a
The Quranie sufism
260
_a
Lahore
_b
Progressive books
_c
090
_c
11412
_d
11412
942
_a
NUST-CAE
_c
M
_c
1573
999
_c
249675
_d
249675